Zvyšovanie konkurencieschopnosti vysokého školstva v Slovenskej republike vo svetle Bolonského procesu

Bolonský proces ako jedna z najvýznamnejších reforiem v histórii vysokého školstva. Kľúčové dokumenty a členovia Bolonského procesu. Orgány a partneri Bolonského procesu. Ciele Bolonského procesu a ich napĺňanie v SR.

Salvato in:
Dettagli Bibliografici
Autore principale: Sandtnerová, Soňa
Altri autori: Šoltés, Erik, 1974-
Natura: Capitolo di libro
Lingua:slovacco
Soggetti:
Tags: Aggiungi Tag
Nessun Tag, puoi essere il primo ad aggiungerne!!

MARC

LEADER 00000naa$a2200000$$$4500
001 0053375
005 20240502071621.4
041 0 |a slo 
044 |a SK 
245 1 0 |a Zvyšovanie konkurencieschopnosti vysokého školstva v Slovenskej republike vo svetle Bolonského procesu  |c Soňa Sandtnerová, Erik Šoltés 
520 |a Bolonský proces ako jedna z najvýznamnejších reforiem v histórii vysokého školstva. Kľúčové dokumenty a členovia Bolonského procesu. Orgány a partneri Bolonského procesu. Ciele Bolonského procesu a ich napĺňanie v SR. 
610 2 0 |a Európska únia 
610 2 0 |a Slovensko 
610 2 0 |a reformy školské 
610 2 0 |a reformy štruktúrne 
610 2 0 |a školy vysoké 
610 2 0 |a spolupráca medzinárodná 
610 2 0 |a spolupráca vedeckovýskumná 
100 1 |a Sandtnerová, Soňa 
700 1 |a Šoltés, Erik, 1974-